Première session du Conseil Supérieur des Prisons en 1877 (Record no. 174979)
[ view plain ]
| 000 -LEADER | |
|---|---|
| campo de control de longitud fija | 01247nam a2200229 i 4500 |
| 001 - NÚMERO DE CONTROL | |
| campo de control | 174979 |
| 003 - IDENTIFICADOR DE NÚMERO DE CONTROL | |
| campo de control | ES-MaACL |
| 005 - FECHA Y HORA DE LA ÚLTIMA TRANSACCIÓN | |
| campo de control | 20250719062546.0 |
| 008 - DATOS DE LONGITUD FIJA--INFORMACIÓN GENERAL | |
| campo de control de longitud fija | 100906s1877 fr |||| | fre d |
| 100 1# - ENTRADA PRINCIPAL--NOMBRE DE PERSONA | |
| Nombre de persona | Bujon, Pierre. |
| 9 (RLIN) | 126230 |
| 245 10 - MENCIÓN DEL TÍTULO | |
| Título | Première session du Conseil Supérieur des Prisons en 1877 |
| Resto del título | : [Conseil Supèrieur des Prisons ouverture, durée et cloture des travaux de sa premíere session de 1877 / |
| Mención de responsabilidad, etc. | compte rendu par M. Bujon]. |
| 260 ## - PUBLICACIÓN, DISTRIBUCIÓN, ETC. | |
| Lugar de publicación, distribución, etc. | Paris : |
| Nombre del editor, distribuidor, etc. | A. Cotillon, |
| Fecha de publicación, distribución, etc. | 1877. |
| 300 ## - DESCRIPCIÓN FÍSICA | |
| Extensión | 14 p. ; |
| Dimensiones | 20 cm. |
| 500 ## - NOTA GENERAL | |
| Nota general | En port.: Extrait de la Revue critique de législation et de jurisprudence, mars 1877. |
| 650 ## - PUNTO DE ACCESO ADICIONAL DE MATERIA--TÉRMINO DE MATERIA | |
| Término de materia o nombre geográfico como elemento de entrada | Derecho penitenciario- |
| Subdivisión geográfica | Francia. |
| 9 (RLIN) | 141896 |
| 710 1# - ENTRADA AGREGADA--NOMBRE DE ENTIDAD CORPORATIVA | |
| Nombre de entidad corporativa o nombre de jurisdicción como elemento de entrada | Francia. |
| Unidad subordinada | Ministère de l'Intérieur. |
| 9 (RLIN) | 134396 |
| 852 ## - LOCALIZACIÓN | |
| Ubicación | ES-MaACL |
| Número de control de estantería | D-273(2) |
| itemnumber | 181714 |
| Sublocalización o colección | R.FOLL.12/2 |
| Ubicación en estantería | Sala Valle Inclán |
| Donativo/Legado | Donación: Francisco Lastres y Juiz |
| Encuadernación | Encuadernado con otras obras formando un volumen facticio |
| -- | Encuadernacion holandesa |
| Signatura antigua | Olim: 193-C-3 |
| Marcas de propiedad | Sello en tinta en verso de la hoja de guarda anterior del volumen: "Donativo del Sr. Lastres al Ateneo de Madrid, 1907". |
| 903 ## - NOMBRE PERSONAL DE DONANTE | |
| a | Lastres y Juiz, Francisco, |
| d | 1848-1918 |
| q | 1 |
| e | Donante |
| 9 | 70504 |
| 942 ## - ELEMENTOS DE ENTRADA SECUNDARIOS (KOHA) | |
| Fuente del sistema de clasificación o colocación | Clasificación decimal universal |
| Tipo de ítem Koha | Folleto |
| Estatus retirado | Estado de pérdida | Fuente del sistema de clasificación o colocación | Estado de daño | No para préstamo | Colección | Biblioteca de origen | Biblioteca actual | Ubicación en estantería | Fecha de adquisición | Fuente de adquisición | Total de préstamos | Signatura topográfica completa | Código de barras | Visto por última vez | Precio de reemplazo | Tipo de ítem Koha |
|---|---|---|---|---|---|---|---|---|---|---|---|---|---|---|---|---|
| Clasificación decimal universal | Colección de folletos | Biblioteca del Ateneo de Madrid | Biblioteca del Ateneo de Madrid | Sala Valle Inclán | 06/09/2010 | Donación | D-273(2) | 901183730 | 23/02/2023 | 23/02/2023 | Folleto |
